KOHA-Header-6

More Reflections for Manager (Record no. 2692)

000 -LEADER
fixed length control field 00292nam a2200121Ia 4500
008 - FIXED-LENGTH DATA ELEMENTS--GENERAL INFORMATION
fixed length control field 190902s9999||||xx |||||||||||||| ||und||
020 ## - INTERNATIONAL STANDARD BOOK NUMBER
International Standard Book Number 273601105
100 ## - MAIN ENTRY--PERSONAL NAME
Personal name Hyland,Bruce
245 #0 - TITLE STATEMENT
Title More Reflections for Manager
260 ## - PUBLICATION, DISTRIBUTION, ETC. (IMPRINT)
Place of publication, distribution, etc New york
Name of publisher, distributor, etc McGrW-Hill,INC
Date of publication, distribution, etc 1996
300 ## - PHYSICAL DESCRIPTION
Extent 145
942 ## - ADDED ENTRY ELEMENTS (KOHA)
Koha item type Books
Holdings
Withdrawn status Lost status Damaged status Not for loan Collection code Permanent Location Current Location Shelving location Date acquired Barcode Date last seen Price effective from Koha item type
        Management MAJU MAJU   2019-09-02 6340 2019-09-02 2019-09-02 Management

Powered by Koha